Year 8 Maths Test - Statistics

General Stats
  • This quiz has been taken 62 times
  • The average score is 10 of 21
Answer Stats
Hint Answer % Correct
Find the HCF of 64 and 72 8
92%
Solve: -8x11 -88
92%
Solve: 49/-7 -7
90%
Solve: -11+(-7) -18
88%
Solve: 25-(-2x10) 45
84%
Find the LCM of 6 and 8 24
70%
Solve: -5(32/-16)-10 0
68%
Find the LCM of 14 and 10 70
66%
Write the equivalent percentage of 32/50 64
62%
Write the equivalent percentage of 14/25 56
60%
Find the HCF of 85 and 51 17
54%
Find the nth term of 3,6,9,12,15 3n
32%
FInd the nth term of 1,4,9,16,25 n^2
30%
Write 3 600 000 in standard form 3.6x10^6
24%
Factorise 48 using the factor tree method 2x2x2x2x3
22%
Factorise 108 using the factor tree method 2x2x3x3x3
22%
Write -360 in standard form -3.6x10^2
22%
Factorise 88 using the factor tree method 2x2x2x11
20%
Write 0.0044 in standard form 4.4x10^-4
18%
Find the nth term of -1.5 , 1 , 3.5 , 6 2.5n-4
14%
Find the nth term of -13.5 , -9 , -4.5 , 0 4.5n-18
10%
No matching quizzes found
Score Distribution
Percent of People with Each Score
Percentile by Number Answered
Your Score History
You have not taken this quiz